000 01129cad a22002295a 4500
001 L145822
008 081111s2008 xxkad f s 000 0 eng d
035 _a(Sirsi) u145822
041 0 _aeng
050 0 4 _a333.33 $2 18
110 2 _aAtisreal
_95337
245 0 0 _aEuropean markets at a glance
_bthird quarter 2008
_h[electronic resource]
260 _a[S.l.]
_bAtisreal
_c2008
490 0 _aEuropean Markets at a Glance
_vThird Quarter 2008
520 _aReports that the European Investment Market Index has fallen across all sectors for the fourth consecutive quarter, by 33% in the third quarter of 2008. The European Prime Yield Index increased during the same period. Finds that the European Office Take-Up Index continued to fall in Q3, but at a slower pace. Concludes that the global financial crisis is more severe than expected.
590 _aKA
650 2 4 _aEUROPEAN MARKETS AT A GLANCE
651 4 _aEurope
690 _aPROPERTY-COMMERCIAL PROPERTY-COMMERCIAL PROPERTY MARKET
856 4 0 _uhttps://www.atisreal.com
_zView this report free of charge under market research at www.atisreal.com...
942 _n0
999 _c108934
_d108934